000 00436nam a22001697a 4500
005 20160513141905.0
008 160513b xxu||||| |||| 00| 0 eng d
020 _a978-817722-763-5
041 _aeng
082 _b2070
100 _aChorles W.L.Hills Grath R. Jones
_9581
245 _aStrategic Management An Integrated Approch
260 _aNew Delhi
_bBigtantra,
_c2009
300 _a519
650 _aManagement
_9241
942 _cBK
999 _c753
_d753